LEADER 01660nam 2200373 450 001 9910137082703321 005 20230425065521.0 010 $a1-5090-1956-1 035 $a(CKB)3710000000824904 035 $a(NjHacI)993710000000824904 035 $a(EXLCZ)993710000000824904 100 $a20230425d2016 uy 0 101 0 $aeng 135 $aur||||||||||| 181 $ctxt$2rdacontent 182 $cc$2rdamedia 183 $acr$2rdacarrier 200 10$a2016 IEEE International Conference on Mathematical Methods in Electromagnetic Theory (MMET) /$fInstitute of Electrical and Electronics Engineers 210 1$aPiscataway, New Jersey :$cIEEE,$d2016. 215 $a1 online resource (432 pages) 311 $a1-5090-1957-X 330 $aMMET is famous as efficient interface between the FSU and Western scientists and engineers in the broad area of modeling and simulation of electromagnetic fields including wave propagation, radiation, scattering, guidance, processing, etc Characteristics feature of MMET is a stronger emphasis on the analytical and mathematical aspects of research into electromagnetics. 517 $a2016 IEEE International Conference on Mathematical Methods in Electromagnetic Theory 606 $aElectromagnetism$vCongresses 606 $aElectromagnetism$xMathematics$vCongresses 615 0$aElectromagnetism 615 0$aElectromagnetism$xMathematics 676 $a537 801 0$bNjHacI 801 1$bNjHacl 906 $aPROCEEDING 912 $a9910137082703321 996 $a2016 IEEE International Conference on Mathematical Methods in Electromagnetic Theory (MMET)$92545967 997 $aUNINA LEADER 01771nas 2200601-a 450 001 996336733903316 005 20221207213019.0 011 $a2450-0119 035 $a(DE-599)ZDB2905741-3 035 $a(OCoLC)655570960 035 $a(CKB)110978978377037 035 $a(CONSER)--2022238285 035 $a(EXLCZ)99110978978377037 100 $a20100811a19819999 --- - 101 0 $apol 135 $aurun||||a|a|| 181 $ctxt$2rdacontent 182 $cc$2rdamedia 183 $acr$2rdacarrier 200 00$aActa Universitatis Lodziensis$iFolia linguistica 210 $a?ód? $cUniwersytet ?ódzki$d1981- 210 3 $a?ód? $cWydawnictwo Uniwersytetu ?ódzkiego 215 $a1 online resource (volumes) 225 1 $aActa Universitatis Lodziensis 311 $a0208-6077 410 0$aActa Universitatis Lodziensis. 517 3 $aFolia linguistica 531 0 $aActa Univ. Lodz., Folia Linguist. 606 $aLinguistics$vPeriodicals 606 $aLinguistics 606 $aLinguistique 606 $alinguistics$2aat 606 $aLinguistics$2fast$3(OCoLC)fst00999202 606 $aTaalwetenschap$2gtt 606 $aTaalkunde$2gtt 606 $aJ?zyk polski$xczasopisma$2jhpk 606 $aJ?zykoznawstwo$vczasopisma$2jhpk 608 $aPeriodicals.$2fast 615 0$aLinguistics 615 2$aLinguistics 615 6$aLinguistique. 615 7$alinguistics. 615 7$aLinguistics. 615 17$aTaalwetenschap. 615 17$aTaalkunde. 615 7$aJ?zyk polski$xczasopisma. 615 7$aJ?zykoznawstwo 676 $a410 712 02$aUniwersytet ?ódzki. 906 $aJOURNAL 912 $a996336733903316 996 $aActa Universitatis Lodziensis$91932595 997 $aUNISA LEADER 03510nam 22005053 450 001 9910946923703321 005 20241230084506.0 010 $a9791221504927 035 $a(MiAaPQ)EBC31861124 035 $a(Au-PeEL)EBL31861124 035 $a(CKB)37084296500041 035 $a(Exl-AI)31861124 035 $a(NjHacI)9937084296500041 035 $a(EXLCZ)9937084296500041 100 $a20241230d2024 uy 0 101 0 $aita 135 $aurcnu|||||||| 181 $ctxt$2rdacontent 182 $cc$2rdamedia 183 $acr$2rdacarrier 200 10$aGli Studi Slavistici in Italia Nell'ultimo Trentennio (1991-2021). Bilanci e Prospettive $eContributi Presentati Al VII Congresso Italiano Di Slavistica. Volume 2 205 $a1st ed. 210 1$aFlorence :$cFirenze University Press,$d2024. 210 4$d©2024. 215 $a1 online resource (410 pages) 225 1 $aBiblioteca Di Studi Slavistici Series ;$vv.58 311 08$a9791221504910 327 $atitle page -- copyright page -- table of contents -- Trent?anni di studi slavi in Italia: una ricognizione -- Cristiano Diddi -- La filologia slava in Italia: un trentennio di studi (1991-2021) -- Cristiano Diddi -- Trent?anni di linguistica slava in Italia -- Paola Cotta Ramusino -- Slavistica e comparatistica letteraria -- Marcello Garzaniti -- La slavistica e le teorie della traduzione, della letteratura, della cultura -- Laura Salmon -- La letteratura della Rus? medievale: stato dell?arte e problemi -- Barbara Lomagistro -- La letteratura russa del Settecento -- Laura Rossi -- La letteratura russa dell?Ottocento -- Damiano Rebecchini -- La letteratura russa del Novecento -- Stefano Garzonio -- La letteratura russa contemporanea -- Marco Sabbatini -- Ucrainistica e bielorussistica -- Maria Grazia Bartolini -- Trent?anni di studi polonistici italiani (1991-2021). Letteratura polacca premoderna -- Marcello Piacentini -- Trent?anni di studi polonistici italiani (1991-2021). Letteratura polacca dall?Ottocento a oggi -- Andrea Ceccherelli -- Gli studi di letteratura ceca in Italia negli ultimi trenta anni$7Generated by AI. 330 $aThis volume brings together the balances of Italian Slavic studies carried out over the past thirty years and outlines the prospects for future ones, with reference to numerous thematic areas, starting with those of a more general nature such as the history of Slavistics, Slavic philology and linguistics, and moving on to those characterized by an interdiscliplinary perspective such as translation theory, literary theory, literary comparatistics, and the arts. In-depth balances then concern studies of the literatures most studied in Italy, such as Russian, Polish and Czech, but research concerning other disciplinary areas cultivated in Italian universities, such as Slovenian Serbo-Croatian, Belorussian, Ukrainian and Bulgarian, is not neglected. 410 0$aBiblioteca Di Studi Slavistici Series 606 $aLinguistics$vCongresses 606 $aCulture 615 0$aLinguistics 615 0$aCulture. 676 $a410 700 $aBenacchio$b Rosanna$01346911 701 $aCeccherelli$b Andrea$01850054 701 $aDiddi$b Cristiano$0526871 801 0$bMiAaPQ 801 1$bMiAaPQ 801 2$bMiAaPQ 906 $aBOOK 912 $a9910946923703321 996 $aGli Studi Slavistici in Italia Nell'ultimo Trentennio (1991-2021). Bilanci e Prospettive$94443018 997 $aUNINA